000 00565nam a2200169 4500
001 116142
003 ES-MaACL
005 20230906190638.0
007 t|
008 061121s1979 sp r ||||1| spa d
245 0 0 _aPatología General /
_cdirectores: A. Balcells Gorina [et al.].
250 _a5ª ed., rev. y puesta al día.
260 _aBarcelona :
_bToray,
_c1979.
300 _a2 v. :
_bil. ;
_c26 cm.
505 8 _aContiene: t. I: Etiología y fisiopatología; t. II: Fisiopatología y propedéutica clínica
852 _aES-MaACL
_jA-10721-22
_bR.100073
999 _c116142
_d116142